000 00362 a2200169 4500
001 61906
020 _a9788506057483
040 _cAnchieta - Pituba
100 _aShakespearde, William
240 1 0 _aA tempestade
_lpor
245 1 0 _aA tempestade
300 _a72
362 0 _a2013
440 1 _aMelhoramentos
650 4 _aLiteratura juvenil
942 _cBK
999 _c61906
_d61906